[Event "Yingmei Cup CHN-chT 2017"]
[Site "?"]
[Date "2017.07.27"]
[Round "9"]
[White "Ju, Wenjun"]
[Black "Stefanova, Antoaneta"]
[Result "1-0"]
[WhiteElo "2596"]
[BlackElo "2510"]
[Annotator "TA"]
[PlyCount "73"]
[EventDate "2017.??.??"]
[SourceTitle "Ningbo"]

1. Nf3 d5 2. g3 g6 3. d4 Bg7 4. Bg2 Nf6 5. c4 c6 6. O-O O-O 7. b3 dxc4 8. bxc4
c5 9. Bb2 cxd4 10. Nxd4 Qb6 11. Qc2 {LiveBook: 3 Games. A49:1 d4 Nf6 2 Nf3 g6
3 g3: Anti-King's Indian systems} (11. Qc1 Bd7 12. Nd2 Nc6 13. Nc2 Rac8 14. Rb1
Qa6 15. Bc3 b6 16. Ne3 Rfd8 17. Qb2 Be6 18. Nd5 Ne8 19. Bxg7 Nxg7 {0-1 (56)
Giri,A (2785)-So,W (2815) chess.com INT 2017}) 11... Nc6 (11... Rd8 $5) 12. c5
Qa6 13. Nxc6 $146 {White has an edge.} ({Find the theoretical novelty and
annotate with similar games:} 13. Rd1 Bd7 14. Nd2 Nxd4 15. Bxd4 Ba4 16. Nb3
Rac8 17. Qb2 Bc6 18. Bxc6 Rxc6 {1/2-1/2 (29) Glushenkov,S (2238)-Yartsev,V 
(2325) ICCF email 2012}) 13... bxc6 14. Nd2 Bg4 15. Bf3 Bxf3 16. Nxf3 Rab8 17.
Be5 Rb4 18. Rfc1 Nd5 19. a3 Rb7 20. e4 Nc7 21. Bxg7 Kxg7 22. Nd4 Rc8 (22... e5
$5 23. Nf3 f6 $11) 23. h4 Ne8 24. Rd1 $36 {Black is under pressure.} Nf6 25. e5
$1 Ng4 {[#]} 26. e6 ({White has to play} 26. h5 $1 $16) 26... f6 $1 $11 27. Nf3
$1 Rcb8 {Threatens to win with ...Rb2.} 28. Qe4 $1 h5 29. Rd7 Qb5 30. Qc2 (30.
Rc1 $1 $14) 30... Rxd7 (30... Qa5 $1 $11 {keeps the balance.}) 31. exd7 $16 e5
$2 (31... Qb7 $16) 32. Rd1 $18 Qa5 33. Rd6 Rd8 34. Kg2 Qc7 {[#]} 35. Ng5 $1
fxg5 36. Qxg6+ Kf8 37. Qf5+ {Precision: White = 61%, Black = 32%.} 1-0

[Event "Yingmei Cup CHN-chT 2017"]
[Site "?"]
[Date "2017.07.27"]
[Round "9"]
[White "Tan, Zhongyi"]
[Black "Liu, Shilan"]
[Result "1-0"]
[WhiteElo "2508"]
[BlackElo "2255"]
[Annotator "TA"]
[PlyCount "81"]
[EventDate "2017.??.??"]
[SourceTitle "Ningbo"]

1. c4 Nf6 2. Nf3 e6 3. Nc3 c5 4. d4 cxd4 5. Nxd4 Nc6 6. a3 Be7 7. e4 d6 {
A33: Symmetrical English: 2 Nf3 Nf6 3 d4 cxd4 4 Nxd4 e6 5 Nc3 Nc6} (7... O-O 8.
Be2 d5 9. exd5 exd5 10. O-O Nxd4 11. Qxd4 dxc4 12. Qxd8 Rxd8 13. Bxc4 Bf5 14.
Re1 Kf8 15. h3 Rac8 16. Ba2 Bc5 17. Bb1 Bxb1 18. Rxb1 {0-1 (48) Edouard,R 
(2626)-Vachier Lagrave,M (2803) chess. com INT 2017}) 8. Be2 O-O {LiveBook: 12
Games} 9. Nb3 b6 {White has an edge.} 10. O-O Bb7 11. Be3 $146 ({Find the
theoretical novelty and annotate with similar games:} 11. Bf4 Rc8 12. Rc1 Ne5
13. Nd2 Qc7 14. Bg3 Qb8 15. f4 Ng6 16. Kh1 Qa8 17. Bd3 Rfe8 18. Qe2 Bf8 19. e5
Nd7 20. Nf3 Be7 21. exd6 Bxd6 22. Bxg6 hxg6 {1-0 (35) Iturrizaga Bonelli,E 
(2671)-Pantsulaia,L (2589) Dubai 2017}) 11... Rc8 12. f4 Nb8 13. Bd3 Nbd7 14.
Qe2 Nc5 15. Nxc5 bxc5 16. Rad1 Qc7 17. Rf3 Nd7 18. Rg3 $36 {aiming for e5!
White has the initiative.} Rfd8 (18... Bc6 $14) 19. Bb1 (19. e5 $16 dxe5 20.
Bxh7+ Kxh7 21. Qh5+ Kg8 22. Rh3) 19... Nf8 20. f5 {Black must now prevent Bh6.}
Bf6 $1 21. Nb5 (21. Bh6 $5) 21... Qe7 22. Bf4 e5 $2 {[#]} ({Better is} 22...
exf5 $11 23. Nxd6 Ne6 24. Nxc8 Bxc8 25. Rxd8+ Qxd8) 23. Bc1 $16 a6 24. Nc3 Nd7
25. Rh3 Bc6 26. Rhd3 Nb6 27. b3 Rb8 28. Bc2 Nc8 (28... h6 $16) 29. Rf1 (29. Qg4
$18) 29... Rd7 $2 (29... Kf8 $16) 30. Rh3 g6 $2 (30... Qf8 31. Rff3 (31. Qh5 h6
$16) 31... h6) 31. Qe3 $18 g5 32. Rh6 Bg7 (32... Kf8 $142 33. Rxh7 Rdb7) 33. f6
Bxh6 34. fxe7 Rxe7 35. Nd5 Re6 36. Nf6+ Kh8 37. h4 Ne7 38. hxg5 Bg7 39. Qh3 {
[#]} Bxf6 40. gxf6 Ng6 41. Rf5 {Precision: White = 52%, Black = 29%.} (41. Qh6
$142 Rg8 42. Rf5 Nf4 43. Bxf4 Rg6 44. Qf8+ Rg8 45. Qxf7 Be8 46. Qxe6) 1-0

[Event "Yingmei Cup CHN-chT 2017"]
[Site "?"]
[Date "2017.07.27"]
[Round "9"]
[White "Xu, Xiangyu"]
[Black "Wan, Yunguo"]
[Result "1-0"]
[WhiteElo "2503"]
[BlackElo "2492"]
[Annotator "TA"]
[PlyCount "83"]
[EventDate "2017.??.??"]
[SourceTitle "Ningbo"]

1. Nf3 {Program Activation Required} Nf6 2. g3 g6 3. b3 Bg7 4. Bb2 O-O 5. Bg2
d6 6. d4 Nbd7 7. O-O e5 8. dxe5 Ng4 9. c4 Ngxe5 10. Nxe5 Nxe5 11. Nc3 Rb8 12.
Qd2 Bd7 {E60: King's Indian: Unusual lines and Fianchetto Variation without Nc3
} 13. Rad1 (13. Nd5 Bc6 14. f4 Bxd5 15. cxd5 Ng4 16. Bxg7 Kxg7 17. e4 Re8 18.
Qd4+ Qf6 19. Qd2 Qd8 20. Rae1 {1-0 (50) Dastan,B (2480)-Bartel,M (2341) Warsaw
2016}) 13... Bc6 14. Nd5 a6 $146 ({NOTEXT:} 14... Bxd5 15. Bxd5 Qe7 16. h3 {
1-0 (61) Heinzel,O (2369)-Anistratov,D (2293) Austria 2015}) 15. Qc1 Re8 16.
Qa1 Bxd5 17. Rxd5 Bf8 18. Rfd1 Nd7 19. e3 Qe7 20. h4 h5 21. Bf3 f5 22. e4 fxe4
23. Re1 Bg7 24. Bxe4 Bxb2 25. Qxb2 Qg7 26. Qc2 Ne5 27. Kg2 Nf7 28. Re2 Re6 29.
Rd1 c6 30. Rde1 Kf8 31. Bd3 Rxe2 32. Rxe2 g5 33. hxg5 Qxg5 34. Re4 Re8 35. Rf4
Re6 36. Qc3 Kg8 37. Bh7+ Kxh7 38. Rxf7+ Kg8 39. Rxb7 h4 40. Rb8+ Kf7 41. Qh8
hxg3 42. Qh7+ 1-0

[Event "Yingmei Cup CHN-chT 2017"]
[Site "?"]
[Date "2017.07.27"]
[Round "9"]
[White "Girya, Olga"]
[Black "Sun, Fanghui"]
[Result "1-0"]
[WhiteElo "2502"]
[BlackElo "2059"]
[Annotator "TA"]
[PlyCount "91"]
[EventDate "2017.??.??"]
[SourceTitle "Ningbo"]

1. d4 d5 2. Nf3 Nf6 3. c4 e6 4. Nc3 Be7 5. Bf4 O-O 6. e3 c5 7. dxc5 Bxc5 8.
cxd5 Nxd5 9. Nxd5 exd5 10. a3 Bf5 {[%emt 0:00:05] D37: Queen's Gambit Declined:
Bf4} (10... Nc6 11. Bd3 Bd6 12. Qa4 Bxf4 13. Qxf4 d4 14. O-O dxe3 15. Rad1 Qf6
16. fxe3 Qxf4 17. exf4 Re8 18. Bb5 Be6 19. Ne5 Rac8 {1/2-1/2 (36) Mamedyarov,S
(2772)-Adams,M (2761) Shamkir 2017}) 11. Bd3 {LiveBook: 5 Games} Be4 12. Ng5
$146 ({Predecessor:} 12. O-O) 12... Qe7 {White is slightly better.} 13. Bxe4
dxe4 14. Qd5 Re8 15. Nxf7 Qxf7 16. Qxc5 Nd7 17. Qb5 b6 18. O-O Nc5 19. a4 Nd3
20. Bg3 Rac8 {...Rc5 is the strong threat.} 21. b4 Red8 (21... Rc4 $1 $11) 22.
a5 $16 Qc4 23. Qxc4+ Rxc4 24. b5 Rd5 25. Rfb1 Rcc5 26. axb6 axb6 27. Ra8+ Kf7
28. Ra7+ Kf8 29. Rb7 Rc1+ 30. Rxc1 Nxc1 $14 {Endgame KRB-KRN} 31. f3 Ne2+ 32.
Kf2 exf3 ({Black should try} 32... Nxg3 $14 33. Kxg3 exf3) 33. Rxb6 $16 Nxg3
34. hxg3 fxg2 35. Kxg2 $14 {KR-KR} Rd3 (35... h5 $16 36. Rb7 Rd3) 36. Kf3 $1
$18 Ke7 {[#]} 37. Kf4 ({Better is} 37. g4 $1 $18) 37... Rb3 {[#]} (37... h5 $16
38. Rg6 Kf7) 38. g4 $1 g6 39. g5 Rb4+ 40. e4 Rb1 41. Rb7+ Kf8 $2 (41... Ke6 42.
Rxh7 Rf1+ 43. Ke3 Rg1) 42. b6 Rf1+ 43. Ke5 Rb1 44. Kf6 Ke8 45. e5 Kd8 46. Rxh7
{Precision: White = 68%, Black = 36%.} 1-0

[Event "Yingmei Cup CHN-chT 2017"]
[Site "?"]
[Date "2017.07.27"]
[Round "9"]
[White "Liu, Qingnan"]
[Black "Wang, Chen"]
[Result "1-0"]
[WhiteElo "2502"]
[BlackElo "2505"]
[Annotator "TA"]
[PlyCount "67"]
[EventDate "2017.??.??"]
[SourceTitle "Ningbo"]

1. e4 c5 2. Nf3 e6 3. d4 cxd4 4. Nxd4 a6 5. Nc3 Qc7 6. Be2 Nf6 7. O-O Nc6 8.
Be3 Bb4 9. Na4 Be7 10. Nxc6 bxc6 11. Nb6 Rb8 12. Nxc8 Qxc8 13. Bd4 c5 14. Be5
Rb6 15. b3 {[%emt 0:00:07] B49: Sicilian: Taimanov: 5 Nc3 Qc 6 Be3 a6 7 Be2} (
15. Qd3 d6 16. Bc3 O-O 17. Rad1 Qc6 18. e5 Nd5 19. Bf3 c4 20. Qd2 dxe5 21. Bxe5
Rd8 22. b3 Rb5 23. bxc4 Qxc4 {1-0 (88) Ponomariov,R (2709)-Neiksans,A (2631)
Tallinn 2016}) 15... O-O 16. Qd3 d6 17. Bb2 Nd7 {LiveBook: 29 Games} 18. f4 Bf6
{[#]} 19. c3 $146 ({Predecessor:} 19. Bxf6 Nxf6 20. Rae1 Qc7 21. Qf3 a5 22. Bd3
a4 23. Qh3 e5 {1/2-1/2 (56) Tseshkovsky,V (2558)-Gazarian,A (2509) Krasnodar
2000}) 19... Rc6 20. Qd2 Rd8 21. Rad1 Nb6 22. c4 Bxb2 23. Qxb2 Qc7 24. Bf3 Nc8
25. Rd3 $36 {Black is under strong pressure.} Rb6 (25... Ne7 $16) 26. f5 $18
Qe7 27. fxe6 Qxe6 {[#]} 28. e5 $1 {And now Bd5 would win.} Ne7 29. Qe2 {
Black must now prevent Re3.} Re8 (29... g6 $142 30. Bg4 f5) 30. Bg4 Qxe5 $2 {
[#]} (30... Qh6 31. exd6 Rxd6) 31. Re3 $1 {White is clearly winning.} Qd4 {
...Nf5! is the strong threat.} 32. Rd1 Nf5 33. Rxd4 Rxe3 34. Qd2 {Precision:
White = 87%, Black = 15%.} 1-0

[Event "Yingmei Cup CHN-chT 2017"]
[Site "?"]
[Date "2017.07.27"]
[Round "9"]
[White "Zhao, Xue"]
[Black "Zhang, Lanlin"]
[Result "1-0"]
[WhiteElo "2499"]
[BlackElo "2080"]
[Annotator "TA"]
[PlyCount "257"]
[EventDate "2017.??.??"]
[SourceTitle "Ningbo"]

1. Nf3 d5 2. d4 Nf6 3. Bf4 e6 4. e3 Be7 5. Nbd2 O-O 6. Bd3 b6 7. O-O {[%emt 0:
00:03] D02:1 d4 d5 2 Nf sidelines, including 2...Nf6 3 g3 and 2... Nf6 3 Bf4}
Bb7 8. Ne5 Nbd7 9. Qf3 {The position is equal.} Ne8 $146 ({Find the
theoretical novelty and annotate with similar games:} 9... Nxe5 10. Bxe5 Bd6
11. Qh3 h6 12. Bxf6 Qxf6 13. f4 a5 14. g4 g5 {0-1 (31) Chevannes,S (2052)
-Rogers,J (2338) West Bromwich 2004}) 10. Qh3 f5 11. g4 Nd6 12. Ndf3 Ne4 ({
Black should try} 12... Nxe5 $14 13. dxe5 (13. Nxe5 c5 $11) 13... Ne4) 13. Nxd7
$16 Qxd7 14. Ne5 $36 {Keeping Black busy.} Qc8 15. f3 Nd6 16. Kh1 c5 (16... Ba6
$16 {was necessary.}) 17. gxf5 exf5 18. Rg1 Bf6 19. Ng4 c4 20. Bxd6 cxd3 21.
Nxf6+ Rxf6 22. Rxg7+ $1 (22. Be5 Rg6 $16) 22... Kxg7 23. Be5 $1 dxc2 $2 {[#]} (
23... Kf8) 24. Rg1+ $1 $18 Kf8 25. Qxh7 Rf7 26. Bd6+ $2 (26. Qh6+ {NOTEXT} Ke8
27. Rg8+ Rf8 28. Qxf8+ Kd7 29. Qd6#) 26... Ke8 $16 {[#]} 27. Qg8+ $1 ({Resist} 
27. Rg8+ $6 Kd7 $14) 27... Kd7 28. Qxf7+ Kc6 29. Ba3 (29. Be5 $16 {White wants
to mate with a4.} Kb5 30. Rc1) 29... Kb5 $14 30. b3 a5 31. Rc1 Ka6 $1 32. Qg6
Ka7 33. Qg2 Qc3 34. Rxc2 Qxe3 35. Qf2 Qd3 36. h4 f4 37. Be7 Re8 38. Bg5 Re3 39.
Rd2 Qf5 40. Kh2 Bc8 41. Qg2 Re1 42. Re2 Rc1 43. Rb2 Rc3 44. Re2 Rc1 45. Rb2 Rc3
46. Rd2 Rc1 47. Re2 Rd1 48. Re5 Qd3 49. Bxf4 Qxd4 50. Re7+ Ka8 51. Bg3 Qd3 52.
Re2 (52. Re8 $5 Qf5 53. Re5 $14) 52... Qf5 53. Re5 Qd3 54. Re2 Qf5 55. Re1 Rd2
56. Qxd2 Qh3+ 57. Kg1 Qxg3+ $11 {Endgame KQR-KQB} 58. Kh1 {Re8 is the strong
threat.} Qxh4+ 59. Kg2 Bh3+ 60. Kg1 Qg3+ 61. Kh1 Bg2+ 62. Qxg2 Qxe1+ {KQ-KQ}
63. Kh2 Qh4+ 64. Kg1 Qe1+ 65. Qf1 Qg3+ 66. Kh1 Qh4+ 67. Kg2 Qg5+ 68. Kf2 Ka7
69. Ke2 d4 70. f4 Qc5 71. Qe1 Qc2+ 72. Qd2 Qe4+ 73. Kf2 Kb7 74. Kg3 Kc6 75.
Qc1+ Kd5 76. Qc7 Qg6+ 77. Kf2 Qf6 78. Kf3 Qh8 79. Qc4+ Kd6 80. Ke4 Qh1+ 81.
Kxd4 Qa1+ 82. Ke4 (82. Kd3 $5 Qxa2 83. Qd4+ Kc7 84. Qe5+ Kb7 85. Qd5+ Kc7 86.
Qf7+ Kd6 87. Qf6+ Kc7 88. Qf7+ Kd6 89. Qf6+ Kc7 90. Qf7+ $14) 82... Qxa2 83.
Qd5+ Kc7 84. Ke5 Qe2+ 85. Kf6 {Strongly threatening Qe5+.} b5 86. f5 Qe8 $1 87.
Qe6 Qf8+ 88. Kg6 a4 89. bxa4 bxa4 90. Qc4+ $2 (90. f6 $11 a3 91. Qc4+ Kb6 92.
Qe6+ Kb7 93. Qd7+ Kb6 94. f7) 90... Kd8 $2 (90... Kb6 $11) 91. Qd4+ Kc7 92.
Qxa4 $2 (92. Qa7+ $18 Kd6 93. Qb6+ Ke5 94. Qb5+ Kd4 95. Qxa4+ Kc3 96. Qc6+ Kb4
97. Qb7+ Kc5 98. Qc7+ Kb5 99. Qe5+ Ka4 100. Qd4+ Ka3 101. Qa7+ Kb4 102. Qd4+
Ka3 103. Qa7+ Kb4 104. Qd4+ Ka3) 92... Qg8+ 93. Kf6 Qf8+ 94. Kg5 Qg7+ 95. Kf4
Qh6+ 96. Ke5 (96. Kg3 $5 Qf6 97. Kg4 $16) 96... Qe3+ 97. Kd5 Qd3+ 98. Ke6 Qd6+
99. Kf7 {And now Qa7+ would win.} Qd5+ 100. Kf6 {Black must now prevent Qa7+.}
Qd8+ 101. Kg6 {aiming for Qa5+.} Qg8+ 102. Kh5 {Threatens to win with Qa7+.}
Qh7+ 103. Kg5 {White threatens Qa7+ and mate.} Qg7+ 104. Kf4 {Threatening mate
with Qa7+.} Qh6+ 105. Ke5 {Hoping for Qa5+.} (105. Kg4 $5 Qg7+ 106. Kf4 $16)
105... Qg7+ $2 (105... Qe3+ $11 106. Kf6 (106. Kd5 Kd8 $11) 106... Qh6+ 107.
Kf7 Qh7+ 108. Ke6 Qg8+ 109. Kf6 Qf8+ 110. Kg5 Qg7+) 106. f6 $18 Qg5+ 107. Ke6
Qg8+ 108. Ke7 {Intending Qd7+ and mate.} Qd8+ 109. Kf7 Qd5+ 110. Kf8 Qc5+ 111.
Kf7 Qd5+ $2 (111... Qh5+ $11 112. Kg7 Qg5+ 113. Kf7 Qh5+ 114. Ke6 Qe2+ 115. Kf7
Qh5+) 112. Kg6 Qg8+ 113. Kh6 Qf8+ 114. Kg5 Qg8+ 115. Kf4 Qe6 116. Qa5+ Kd7 117.
Qf5 Kd6 118. Kg5 Qf7 119. Qd3+ Kc6 120. Qg6 Qd5+ 121. Kh6 Kd7 122. Qh7+ Kc8
123. f7 Qh1+ 124. Kg7 Qa1+ 125. Kg8 {White mates.} Qa2 126. Qe4 Qb3 127. Kg7
Qg3+ 128. Kf6 Qc3+ 129. Qe5 {Precision: White = 72%, Black = 64%.} 1-0

[Event "Yingmei Cup CHN-chT 2017"]
[Site "?"]
[Date "2017.07.27"]
[Round "9"]
[White "Fang, Yuxiang"]
[Black "Ma, Qun"]
[Result "1/2-1/2"]
[WhiteElo "2498"]
[BlackElo "2637"]
[Annotator "TA"]
[PlyCount "81"]
[EventDate "2017.??.??"]
[SourceTitle "Ningbo"]

1. Nf3 {Program Activation Required} Nf6 2. c4 e6 3. g3 d5 4. d4 dxc4 5. Bg2
Bb4+ 6. Bd2 a5 7. O-O c6 {[%emt 0:00:05] E04: Open Catalan: Nf3} (7... O-O 8.
Qc2 Bxd2 9. Nbxd2 b5 10. a4 c6 11. b3 cxb3 12. Nxb3 b4 13. e4 Nbd7 14. Qxc6 Ra6
15. Qc2 {0-1 (38) Kozul,Z (2631)-Zelcic,R (2500) Valpovo 2017}) 8. Bxb4 axb4 9.
Ne5 c3 10. bxc3 bxc3 11. Nxc3 O-O 12. a4 $146 ({NOTEXT:} 12. e3 Nbd7 13. Nc4
Qc7 14. Qb3 b6 15. Rfc1 {1/2-1/2 (52) Rindlisbacher,J (2246)-Ariunbuuvei,B 
(1995) Maribor 2012}) 12... Ra7 13. Nc4 h6 14. a5 Na6 15. e3 Nd5 16. Qb3 Nxc3
17. Qxc3 Nc7 18. Rfb1 Qe7 19. Qa3 Qxa3 20. Rxa3 Rd8 21. Bf1 Kf8 22. Nb6 Bd7 23.
Be2 Be8 24. h4 Nb5 25. Raa1 Nc3 26. Rb2 Nxe2+ 27. Rxe2 Ke7 28. Rb2 Rb8 29. Kg2
Kd8 30. g4 Kc7 31. Nc4 Rd8 32. Rb6 Ra6 33. Rab1 Ra7 34. Ra1 f6 35. a6 Rda8 36.
axb7 Rxa1 37. bxa8=Q Rxa8 38. Rb4 c5 39. dxc5 Kc6 40. Nd2 Kxc5 41. Rc4+ 1/2-1/2

[Event "Yingmei Cup CHN-chT 2017"]
[Site "?"]
[Date "2017.07.27"]
[Round "9"]
[White "Lei, Tingjie"]
[Black "Bodnaruk, Anastasia"]
[Result "1/2-1/2"]
[WhiteElo "2471"]
[BlackElo "2443"]
[Annotator "TA"]
[PlyCount "219"]
[EventDate "2017.??.??"]
[SourceTitle "Ningbo"]

1. e4 c5 2. Nf3 d6 3. d4 cxd4 4. Nxd4 Nf6 5. Nc3 a6 6. h3 e6 7. g4 h6 8. Bg2 g5
9. Be3 {B81: Sicilian Scheveningen: Keres Attack} Nfd7 $146 ({Find the
theoretical novelty and annotate with similar games:} 9... Nbd7 10. Qe2 Ne5 11.
f4 gxf4 12. Bxf4 Be7 13. O-O-O Qc7 14. Rhf1 b5 15. Qf2 Bb7 16. Nce2 O-O-O {
1/2-1/2 (24) Bacrot, E (2719)-Areshchenko,A (2654) Germany 2015}) 10. Qe2 Ne5
11. O-O-O {White is slightly better.} Nbc6 12. Rd2 (12. Kb1 $16) 12... Bd7 13.
f4 (13. h4 $5) 13... gxf4 $1 14. Bxf4 Qa5 (14... Na5 $11) 15. Nb3 $36 {White
fights for an advantage.} Qc7 16. Rhd1 O-O-O 17. Kb1 f6 18. Bf1 Kb8 19. Be3 Be7
(19... h5 $14) 20. Qf2 $16 Rdf8 21. Be2 Be8 22. Bb6 Qc8 23. Na4 ({White has to
play} 23. Rxd6 $18 Bxd6 24. Rxd6) 23... h5 $1 $14 24. c4 (24. Rxd6 $14 Bxd6 25.
Rxd6 hxg4 26. Bc5 gxh3 27. Rd1) 24... hxg4 $1 $15 25. hxg4 Bg6 (25... f5 $15
26. gxf5 exf5 27. exf5 Rxf5) 26. Qf4 (26. Qg2 $1 $11 {keeps the balance.})
26... Rh3 (26... f5 $17 27. exf5 Rh4) 27. Ka1 $11 f5 28. exf5 $1 exf5 29. g5 {
Strongly threatening c5.} Rfh8 30. Nc3 R8h4 31. Qf2 $1 Rh2 32. Qg1 Rh1 33. Qxh1
Rxh1 34. Rxh1 f4 35. Bf1 Nf3 (35... Nd7 $5 36. Bf2 Nb4 $11) 36. Rf2 Nxg5 (36...
Nfe5 $11) 37. Rxf4 $14 Nb4 {[#]} (37... Ne6 $14 38. Bh3 Nb4) 38. a3 $1 $16 Nc2+
$2 (38... Nc6 $16 39. Nd5 Qe8) 39. Ka2 $18 Ne6 40. Rf2 Qg8 $2 (40... Qe8 41.
Rhh2 Bd8) 41. Nd5 Bd8 42. Bxd8 (42. Rfh2 $142 Qe8 43. Rh8) 42... Qxd8 43. Rf6
$2 ({White should try} 43. Rh6 $18 Qe8 44. Re2) 43... Be4 $11 44. Rhh6 Bxd5 $1
45. cxd5 Ned4 46. Bd3 (46. Rxd6 $16 Qf8 47. Nxd4 Nxd4 48. Bd3) 46... Nxb3 47.
Bxc2 (47. Rxd6 $2 Nc1+ 48. Kb1 {[#]} Nxa3+ $1 49. Kxc1 (49. bxa3 Qg5 $17) 49...
Qg5+ 50. Kd1 Qg4+ 51. Kd2 Qb4+ 52. Ke3 Qxb2 $17) 47... Nd4 48. Be4 Qe8 49. Bd3
Qa4 50. Rh3 Qb3+ 51. Kb1 $1 Qd1+ (51... Qxd5 {looks sharper.} 52. Bc2 Qe5 53.
Rf8+ Ka7 54. Rd3 d5) 52. Ka2 Qb3+ 53. Kb1 $1 Qxd5 54. Rf2 Qe5 55. Rf1 a5 56.
Bc4 Qe4+ 57. Ka2 Nc6 (57... d5 $5 58. Bd3 Qe6 59. Rh8+ Ka7 $11) 58. Rc3 d5 59.
Bd3 Qe6 60. Rc5 Ka7 {next ... Qe3 is good for Black.} 61. Rfc1 d4+ 62. Ka1 Qe3
63. Rd1 Ne5 64. Rxa5+ Kb8 65. Bb1 d3 66. Rxe5 Qxe5 67. Rxd3 {Endgame KQ-KRB}
Qe1 68. Ka2 Qe6+ 69. Rb3 Ka7 70. Bd3 Qd5 71. Bb5 Qf7 72. a4 b6 73. Bd3 Qd5 74.
Bb5 Qf7 75. Ka3 Qe7+ 76. Rb4 Qc5 77. Kb3 Qd5+ 78. Rc4 Qe6 79. Ka3 Qe7+ 80. Ka2
Qe6 81. b3 Qe2+ 82. Kb1 {Rc7+ is the strong threat.} Qf1+ (82... Qd1+ {is
interesting.} 83. Ka2 Qe2+) 83. Kb2 {Threatens to win with Rc7+.} (83. Ka2 $5
Qf2+ 84. Ka3 $11) 83... Qf6+ (83... Qf5 {keeps more tension.} 84. b4 Qf6+ 85.
Rc3 Qf2+ 86. Kb3 Kb8) 84. Ka2 Qf2+ 85. Ka3 Qf8+ 86. b4 Qf3+ 87. Kb2 Qf6+ 88.
Kb3 Qe6 89. Kb2 Qf6+ 90. Rc3 Qd4 91. Kb3 Qd1+ 92. Rc2 Qb1+ 93. Kc3 Qe1+ 94. Kc4
Qe6+ 95. Kd4 Qf6+ (95... Qe1 $5) 96. Kd3 Qf3+ 97. Kc4 Qd1 98. Rc3 Qf1+ 99. Rd3
Qc1+ 100. Kd5 Qg5+ 101. Kc6 Qc1+ 102. Kd7 Qb2 103. Bc6 (103. Kc8 $11 Qh8+ 104.
Kc7) 103... Qxb4 (103... Kb8 $1 $15 104. Bb5 Qxb4) 104. Kc7 {The position is
equal.} Qf4+ (104... b5 $5 105. axb5 Qe7+ 106. Rd7 Qc5 $11) 105. Kc8 $1 Ka6 (
105... b5 $5 106. Bxb5 Kb6 $15) 106. Bb5+ Ka5 107. Kb7 Qe4+ 108. Ka7 Qxd3 109.
Bxd3 {White threatens Bb5 and mate.} Kxa4 110. Kxb6 {Precision: White = 67%,
Black = 55%.} 1/2-1/2

[Event "Yingmei Cup CHN-chT 2017"]
[Site "?"]
[Date "2017.07.27"]
[Round "9"]
[White "Ni, Shiqun"]
[Black "Xiao, Yiyi"]
[Result "1/2-1/2"]
[WhiteElo "2450"]
[BlackElo "2290"]
[Annotator "TA"]
[PlyCount "106"]
[EventDate "2017.??.??"]
[SourceTitle "Ningbo"]

1. e4 c5 2. Nf3 Nc6 3. d4 cxd4 4. Nxd4 g6 5. c4 Nf6 6. Nc3 Nxd4 7. Qxd4 d6 8.
Be3 Bg7 9. f3 O-O 10. Qd2 a5 {LiveBook: 102 Games. B36: Sicilian: Maroczy Bind:
Gurgenidze System} 11. Be2 a4 12. Kf2 Qa5 {White is slightly better.} 13. Rac1
Bd7 (13... Be6 14. Nd5 Bxd5 15. Qxa5 Rxa5 16. cxd5 Nd7 17. Rc7 Nc5 18. Rb1 {
1-0 (72) Caruana,F (2827) -Antipov,M (2580) Caleta 2017}) 14. Nd5 Nxd5 15. Qxa5
(15. Qxd5 Qb4 $15) 15... Rxa5 16. cxd5 Bxb2 $146 ({Find the theoretical
novelty and annotate with similar games:} 16... Bb5 17. Bd2 Bd4+ 18. Ke1 Bxe2
19. Bxa5 {1-0 (95) Horvath, A (2469)-Hemant,S (2380) Zalakaros 2017}) 17. Rc7
Bc8 18. Rxe7 Ra8 (18... f5 $142) 19. Rd1 Bf6 20. Rc7 Bd8 21. Rc2 {Threatens to
win with Bh6.} f5 22. exf5 Bxf5 23. Rb2 Rf7 24. Rc1 Bf6 25. Rb6 Rd8 (25... Re8
$11 26. Bb5 (26. Rxd6 Bb2 $11) 26... Rxe3 27. Kxe3 Bd8 28. Rxd6 Be7) 26. Rc4
$36 {Black is under pressure.} a3 (26... Re8 $14 27. Bf4 (27. Rxd6 b5 $11) (27.
Rxa4 Rfe7 $14) 27... Rfe7) 27. Bc1 (27. g4 $16 Bh4+ 28. Kf1) 27... Rc8 28.
Rxc8+ Bxc8 29. Rb4 Rc7 30. Bxa3 Bd7 31. Rc4 Rxc4 32. Bxc4 $16 {Endgame KBB-KBB}
b5 33. Bd3 Bd4+ 34. Kg3 Bc5 35. Bb2 Kf7 36. Kf4 h6 37. g4 Bg1 38. Kg3 b4 {[#]}
39. h4 (39. Bc1 $1 $18) 39... Be3 40. f4 Bd2 41. Kf3 h5 {[#]} 42. gxh5 (42. f5
$1 $16 gxf5 43. gxh5) 42... gxh5 $11 {The position is equal.} 43. f5 Be1 $1 44.
Kf4 Bxh4 45. Be2 Bf6 46. Bxh5+ Kg7 47. Bc1 Be5+ (47... Kh6 $5 48. Kg4+ $8 Kg7
$11) 48. Ke4 Kf6 49. Bg4 {With the idea Bd2.} Bb5 50. Bd2 Bc4 51. Bxb4 {
a4 is the strong threat.} Bxa2 52. Ba5 Kg5 53. Bf3 Bb1+ {Precision: White =
61%, Black = 64%.} 1/2-1/2

[Event "Yingmei Cup CHN-chT 2017"]
[Site "?"]
[Date "2017.07.27"]
[Round "9"]
[White "Dai, Changren"]
[Black "Grischuk, Alexander"]
[Result "0-1"]
[WhiteElo "2438"]
[BlackElo "2761"]
[Annotator "TA"]
[PlyCount "62"]
[EventDate "2017.??.??"]
[SourceTitle "Ningbo"]

1. e4 c5 2. Nf3 d6 3. d4 cxd4 4. Nxd4 Nf6 5. Nc3 a6 6. h3 e6 7. g4 Nfd7 {
B81: Sicilian Scheveningen: Keres Attack} 8. g5 b5 9. a3 Be7 10. Be3 Bb7 11. h4
Nc6 12. Qd2 {LiveBook: 35 Games} Rc8 13. Nxc6 Bxc6 14. O-O-O (14. h5 O-O 15.
O-O-O {1/2-1/2 (29) Harikrishna,P (2737)-Grischuk,A (2761) Geneve 2017}) 14...
Rb8 15. Kb1 $146 (15. h5 $14) ({Predecessor:} 15. Qd4) 15... a5 $1 $15 {
Hoping for ...b4.} 16. Qd4 O-O $1 {aiming for ... b4.} 17. f3 $2 {[#]} (17. h5
$15) 17... b4 $19 18. axb4 (18. h5 $142) 18... axb4 19. Na2 d5 $1 20. b3 Bc5
21. Qd2 Qa5 22. Bd4 Ra8 23. Nc1 Bxd4 ({But not} 23... dxe4 24. Bb2 $19) 24.
Qxd4 dxe4 25. fxe4 {[#]} (25. h5 {was worth a try.} Rfd8 26. Qb2 Qxg5 27. h6)
25... Bxe4 $1 {Black is clearly winning.} 26. Rh2 (26. Qxe4 Qa1#) 26... Nb6 {
And now .. .Nd5 would win.} 27. Nd3 Rfd8 28. Qb2 Nd5 29. Re1 Nc3+ 30. Kc1 Bxd3
31. Bxd3 Rxd3 {Precision: White = 31%, Black = 100%.} 0-1